000 01385cam a22003617a 4500
001 2196
005 20231110114530.0
020 _a9780439926225
020 _a043992622X
040 _aIMF
_cIMF
_dBTCTA
_dBAKER
_dYDXCP
_dOCLCG
_dGRR
_dCQU
_dDLC
_beng
050 0 0 _aPZ7.G88366
_bWh 2007
082 _a828.9207
100 1 _aGriffiths, Andy
_d1961-
245 1 0 _aWhat buttosaur is that? /
_cAndy Griffiths ; illustrated by Terry Denton.
250 _aFirst Scholastic printing, January 2008
260 _aNew York :
_bScholastic,
_c2007
300 _a157 pages :
_billustrations
_c19 cm
500 _aIncludes index.
500 _a"The essential companion to the internationally butt-selling trilogy"--Cover back.
505 _aK
520 _a"This book will tell you everything you need to know but were too grossed out to ask about prehistoric butt-related life forms and the complex stenchology of their environment"--Cover back.
521 _a600
_bLexile estimate
521 _aK
_bRaz-Plus
650 0 _aButtocks
_vJuvenile fiction.
650 1 _aButtocks
_vFiction.
650 7 _aButtocks
_vFiction.
_2sears
650 7 _aPrehistoric animals
_vFiction.
_2sears
650 7 _aMythical animals
_vFiction.
_2sears
650 7 _aHumorous fiction.
_2sears
700 1 _aDenton, Terry
_eillustrator
906 _a7
_bcbc
_ccopycat
_d2
_encip
_f20
_gy-gencatlg
942 _2ddc
_cBK
_n0
999 _c2196
_d2196